000 00761nam a2200229 a 4500
003 DO-SdBNP
005 20240430192715.0
007 ta
008 220209e1940 es ||||fr|||| 001 0 fre d
040 _aDO-SdBNP
_bspa
_cBNPHU
041 _hfre
082 4 _222
_bC141e
245 1 0 _aEssai de traitement de la lépre par l'oxygène sous pression.
_b(Méthode de A.O.de Almeida.).
_cElias Calac
260 _aSaint- German, Paris :
_bLibraire le François
_c1940
300 _a61 p. ;
_c25 cm.
500 _aIncluye índice.
504 _aBibliografía: p. 58-61
650 4 _936780
_aTesis y Disertaciones Académicas
_zParís
650 0 _aTesis y disertaciones académicas
_vTesis y Disertaciones Académicas
_919630
910 _aMFéliz
942 _2ddc
_cLFM
999 _c51394
_d51394